pretty isn't pretty - Olivia Rodrigo (All Lyrics) - Statistics

General Stats
  • This quiz has been taken 49 times
  • The average score is 237 of 280
Answer Stats
Lyrics % Correct
try
100%
a
97%
I
97%
isn't
97%
my
97%
pretty
97%
Pretty
97%
you
97%
You
97%
enough,
94%
enough
94%
face
94%
makeup,
94%
the
94%
But
91%
but
91%
cover
91%
in
91%
me
91%
on
91%
up
91%
up,
91%
all
88%
and
88%
And
88%
bunch
88%
cake
88%
do
88%
do?
88%
every
88%
it
88%
it,
88%
of
88%
so
88%
stopped
88%
that
88%
When
88%
always
85%
birthdays
85%
body
85%
change
85%
eatin'
85%
it's
85%
It's
85%
skip
85%
started
85%
to
85%
what
85%
Bought
82%
bought
82%
'Cause
82%
could
82%
insecure
82%
lunch,
82%
mirror
82%
some
82%
win
82%
battle,
79%
calm
79%
can
79%
feel
79%
I'd
79%
lipstick
79%
looks
79%
never
79%
shade
79%
somethin'
79%
stay
79%
still
79%
they
79%
think
79%
told
79%
war
79%
wrong
79%
head,
76%
keepin'
76%
missin'
76%
new
76%
same
76%
shit
76%
why
76%
you'll
76%
bed
74%
boys
74%
buy
74%
clothes
74%
don't
74%
even
74%
ignore
74%
there's
74%
There's
74%
bring
71%
everybody's
71%
Everybody's
71%
know
71%
magazines
71%
prescription
71%
shitty
71%
time,
71%
wall,
71%
around,
68%
everythin'
68%
No,
68%
phone,
68%
poster
68%
you'd
68%
anyway
65%
fucking
65%
hated,
65%
see
65%
things
65%
tryna
65%
just
62%
life
62%
oh
62%
it'll
59%
like
59%
matters,
59%
none
59%
fix
56%
over
56%
whole
56%
again
53%
ideal
50%
chased
47%
dumb
41%
ends
38%
No matching quizzes found
Score Distribution
Percent of People with Each Score
Percentile by Number Answered
Your Score History
You have not taken this quiz